000 00319nam a2200109Ia 4500
001 1261062
005 20260417140344.0
008 260417s9999 xx 000 0 und d
020 _a9786051858104
245 0 _aAli Nizami Bey’in Alafrangalığı ve Şeyhliği
_cAbdülhak Şinasi Hisar
260 _bEverest Yayınları
999 _c1261062
_d1261062